Dance Moms - Casting saison 8 par image - Statistiques

Statistiques générales
  • Ce quiz a été pris 4 fois
  • Le résultat moyen est 17 sur 24
Statistiques - réponses
Par images Réponse % Correct
Abby Lee Miller
100%
Brady
100%
GiaNina
100%
Gianna
100%
Hannah
100%
Lilliana
100%
Michelle
100%
Pressley
100%
Sarah
100%
Savannah
100%
Stacey
100%
Ann
75%
Elliana
75%
Yolanda
75%
Ashley
50%
Berkleigh
50%
Kamryn
50%
Paris
50%
Tricia
50%
Adriana
25%
Amanda
25%
Erin
25%
Joanne
25%
Lakisha
25%
Aucun quiz correspondant
Distribution des résultats
% des personnes avec chaque résultat
Percentile par nombre de réponses
Votre historique - résultats
Vous n’avez pas pris ce quiz